| 000 | 00613cam a22002053a 4500 | ||
|---|---|---|---|
| 001 | 44224 | ||
| 003 | PGUSA | ||
| 005 | 20140828084017.0 | ||
| 008 | 131118s2013||||xxu|||||s|||||000 | eng d | ||
| 040 |
_aPGUSA _beng |
||
| 042 | _adc | ||
| 100 | 1 |
_aCobb, Irvin S. _q(Irvin Shrewsbury), _d1876-1944 |
|
| 245 | 1 | 0 |
_aOld Judge Priest : _b(Sequel to "Back Home") _h[electronic resource] / _cIrvin S. Cobb |
| 260 |
_bProject Gutenberg, _c2013 |
||
| 506 | _aPublic domain in the USA. | ||
| 516 | _aElectronic text | ||
| 830 | 0 |
_aProject Gutenberg _v44224 |
|
| 856 | 4 | 0 | _uhttp://www.gutenberg.org/ebooks/44224 |
| 942 | _cEB | ||
| 999 |
_c273475 _d273475 |
||